[Event "DEM U18w 2016"]
[Site "Willingen GER"]
[Date "2016.05.15"]
[Round "1"]
[White "Böhm, Jana"]
[Black "Döpper, Anna Bérénice"]
[Result "1-0"]
[Termination "normal"]
[Board "1"]
[WhiteElo "1927"]
[BlackElo "1821"]
[WhiteClock "00:10:18"]
[BlackClock "00:15:49"]
[PlyCount "109"]
[WhiteFideId "24661589"]
[BlackFideId "1271853"]
[EventCountry "GER"]
[EventRounds "9"]
[EventType "swiss"]
[EventDate "2016.05.14"]

1. e4 e6 2. d4 d5 3. Nc3 Nf6 4. e5 Nfd7 5. f4 c5 6. Nf3 Nc6 7. Be3 a6 8. Qd2 b5
9. dxc5 Bxc5 10. Bd3 Qb6 11. Bf2 Bxf2+ 12. Qxf2 Qxf2+ 13. Kxf2 O-O 14. Rhe1 f6
15. exf6 Nxf6 16. Kg1 Bd7 17. Rad1 Rad8 18. g3 Bc8 19. Bf1 Rfe8 20. Ne5 Nxe5
21. fxe5 Nd7 22. a3 Nb8 23. Ne2 Nc6 24. Nd4 Nxd4 25. Rxd4 Rd7 26. Bh3 Rc7 27.
c3 Rf7 28. Rf1 Ref8 29. Rdf4 Rxf4 30. Rxf4 Rd8 31. Kf2 Bd7 32. Ke3 Rc8 33. Bg4
Rc7 34. Bh3 Rc8 35. Kd3 Rc6 36. a4 bxa4 37. Rxa4 Rb6 38. Ra2 Bb5+ 39. Kc2 Bc4
40. Ra3 Kf7 41. b3 Bb5 42. Ra1 Ke7 43. Bg4 Rb8 44. Kd2 Rc8 45. Rc1 a5 46. Ra1
Ra8 47. Ke3 Bc6 48. Bd1 Kd7 49. Kd4 Kc7 50. Bc2 Kb6 51. Rf1 a4 52. bxa4 Bxa4
53. Ra1 Kb5 54. Bxh7 Rh8 55. Bd3+ 1-0

[Event "DEM U18w 2016"]
[Site "Willingen GER"]
[Date "2016.05.15"]
[Round "1"]
[White "Morio, Estelle"]
[Black "Zahn, Alina"]
[Result "1/2-1/2"]
[Termination "normal"]
[Board "2"]
[BlackTitle "WFM"]
[WhiteElo "1801"]
[BlackElo "2116"]
[WhiteClock "00:03:51"]
[BlackClock "00:06:31"]
[PlyCount "117"]
[WhiteFideId "12951951"]
[BlackFideId "24696730"]
[EventCountry "GER"]
[EventRounds "9"]
[EventType "swiss"]
[EventDate "2016.05.14"]

1. f4 d5 2. Nf3 Nf6 3. e3 Bg4 4. Be2 c6 5. b3 Nbd7 6. Bb2 Qc7 7. Ne5 Bxe2 8.
Qxe2 e6 9. d3 Bd6 10. Nxd7 Qxd7 11. Nd2 Qc7 12. Nf3 O-O-O 13. O-O Rhg8 14. Ne5
Qe7 15. c4 g6 16. Rac1 Nd7 17. Nxd7 Rxd7 18. Be5 f6 19. Bxd6 Qxd6 20. d4 Rdg7
21. Rf2 Qe7 22. Rc2 Kb8 23. Qd2 f5 24. c5 Qh4 25. Qe1 g5 26. Rf1 Qh5 27. Qe2
Qf7 28. Rf2 Rg6 29. b4 gxf4 30. exf4 Rh6 31. Rc3 Ka8 32. a4 Qf6 33. Qd2 Qh4 34.
g3 Qg4 35. Qe2 Qg7 36. Qd2 Rg6 37. Rg2 Qh6 38. b5 Qh3 39. Qe1 Qh6 40. Rb3 Qg7
41. Qd2 Qf7 42. bxc6 bxc6 43. a5 R6g7 44. a6 Rc8 45. Qb4 Re8 46. Rgb2 Qg8 47.
Qa4 Rc7 48. Rb7 Rec8 49. Qb4 Qe8 50. Qa5 Qf7 51. Qe1 Qe8 52. Qb1 Qh8 53. R2b4
Qe8 54. Rxc7 Rxc7 55. Rb7 Qc8 56. Rb4 Qg8 57. Rb7 Qc8 58. Rb3 Qg8 59. Rb7
1/2-1/2

[Event "DEM U18w 2016"]
[Site "Willingen GER"]
[Date "2016.05.15"]
[Round "1"]
[White "Hund, Sarah"]
[Black "Möller, Hannah"]
[Result "1-0"]
[Termination "normal"]
[Board "3"]
[WhiteElo "1951"]
[BlackElo "1735"]
[WhiteClock "00:15:41"]
[BlackClock "00:23:15"]
[PlyCount "61"]
[WhiteFideId "12923338"]
[BlackFideId "1270514"]
[EventCountry "GER"]
[EventRounds "9"]
[EventType "swiss"]
[EventDate "2016.05.14"]

1. e4 c5 2. Nc3 Nc6 3. f4 g6 4. Nf3 Bg7 5. Bb5 Nd4 6. a4 Nxb5 7. axb5 d6 8. O-O
Nf6 9. Qe1 O-O 10. d3 Bd7 11. Qh4 Re8 12. h3 h5 13. f5 Qb6 14. fxg6 fxg6 15.
Qg5 Rf8 16. Qxg6 Be8 17. Qg3 Kh8 18. e5 Nh7 19. Bf4 Rg8 20. Qh4 dxe5 21. Bxe5
Bxe5 22. Nxe5 Qe6 23. Rae1 Qd6 24. Nf3 Qg6 25. Rf2 e6 26. Qe7 Rg7 27. Qxc5 Qg3
28. Ne4 Qxh3 29. Nfg5 Nxg5 30. Rf8+ Kh7 31. Nxg5+ 1-0

[Event "DEM U18w 2016"]
[Site "Willingen GER"]
[Date "2016.05.15"]
[Round "1"]
[White "Schulz, Theresa Charlotte"]
[Black "Wiesner, Paula"]
[Result "0-1"]
[Termination "normal"]
[Board "4"]
[WhiteElo "1687"]
[BlackElo "2116"]
[WhiteClock "01:15:08"]
[BlackClock "01:26:52"]
[PlyCount "26"]
[WhiteFideId "12952206"]
[BlackFideId "24654019"]
[EventCountry "GER"]
[EventRounds "9"]
[EventType "swiss"]
[EventDate "2016.05.14"]

1. e4 e6 2. d4 d5 3. Nc3 Nf6 4. e5 Nfd7 5. f4 c5 6. Nf3 Nc6 7. Be3 a6 8. Be2 b5
9. a3 Qb6 10. O-O cxd4 11. Nxd4 Bc5 12. Nxc6 Bxe3+ 13. Kh1 Qxc6 0-1

[Event "DEM U18w 2016"]
[Site "Willingen GER"]
[Date "2016.05.15"]
[Round "1"]
[White "Brandl, Lea Maria"]
[Black "Klenk, Sofie"]
[Result "1-0"]
[Termination "normal"]
[Board "5"]
[WhiteElo "1927"]
[BlackElo "1810"]
[WhiteClock "00:00:33"]
[BlackClock "00:00:00"]
[PlyCount "122"]
[WhiteFideId "24693049"]
[BlackFideId "12996653"]
[EventCountry "GER"]
[EventRounds "9"]
[EventType "swiss"]
[EventDate "2016.05.14"]

1. d4 d5 2. c4 dxc4 3. Nf3 Nf6 4. e3 Bg4 5. Bxc4 e6 6. Nc3 Nc6 7. O-O Be7 8. a3
a5 9. Be2 O-O 10. Qd3 Na7 11. e4 c6 12. Be3 Qc7 13. Rac1 Rfd8 14. Qb1 Rac8 15.
Rfd1 Qb8 16. Na4 b5 17. Nc5 Nd7 18. Nd3 Nb6 19. h3 Bh5 20. Nf4 Bg6 21. Nxg6
hxg6 22. b4 axb4 23. axb4 Nd7 24. Qb2 Qb7 25. Bd3 Ra8 26. Ne5 Nxe5 27. dxe5 Nc8
28. Qc3 Ra6 29. f4 Bf8 30. Be2 Rxd1+ 31. Bxd1 Ne7 32. Bc5 Qd7 33. Bf3 Nc8 34.
Bxf8 Kxf8 35. Qc5+ Qe7 36. Qd4 Na7 37. Qd6 Ra4 38. Rb1 Ke8 39. Qb8+ Qd8 40. Qd6
Qd7 41. g4 Nc8 42. Qc5 Qc7 43. Rc1 Ne7 44. Kf1 Kd8 45. Be2 Ra7 46. h4 Rb7 47.
h5 Qb6 48. Qc3 Rc7 49. hxg6 Nxg6 50. f5 Nf4 51. Qd2+ Kc8 52. Qxf4 Qd4 53. fxe6
fxe6 54. Qf8+ Kb7 55. Qc5 Qxe4 56. Qc3 Rf7+ 57. Ke1 Qh1+ 58. Kd2 Rd7+ 59. Kc2
Qg2 60. Qe3 Qd5 61. Ra1 Kc8 1-0

[Event "DEM U18w 2016"]
[Site "Willingen GER"]
[Date "2016.05.15"]
[Round "1"]
[White "Silber, Stefanie"]
[Black "Rosmait, Emily"]
[Result "0-1"]
[Termination "normal"]
[Board "6"]
[WhiteElo "1599"]
[BlackElo "1915"]
[WhiteClock "00:29:31"]
[BlackClock "00:17:14"]
[PlyCount "92"]
[WhiteFideId "12918245"]
[BlackFideId "12937754"]
[EventCountry "GER"]
[EventRounds "9"]
[EventType "swiss"]
[EventDate "2016.05.14"]

1. e4 e5 2. Nf3 Nc6 3. Bb5 Nf6 4. O-O d6 5. d4 exd4 6. Nxd4 Bd7 7. Nc3 Be7 8.
Re1 O-O 9. Bf4 Nxd4 10. Qxd4 Nh5 11. e5 Nxf4 12. Qxf4 dxe5 13. Qxe5 Bf6 14. Qc5
Bxc3 15. bxc3 b6 16. Qd5 Bxb5 17. Qxb5 Qf6 18. Qe5 Qxe5 19. Rxe5 Rfd8 20. Rae1
Kf8 21. Kf1 Rd7 22. f3 Rad8 23. Kf2 Rd2+ 24. R5e2 Rxe2+ 25. Kxe2 Rd5 26. Ke3
Ke7 27. f4 Kd6 28. c4 Ra5 29. Ra1 Kc5 30. Kd3 Ra4 31. g3 Rxc4 32. c3 Ra4 33. a3
Kd5 34. Ra2 h5 35. Ra1 g6 36. Ra2 a6 37. Ra1 Kc5 38. Ra2 Kd5 39. Ra1 c5 40. Ra2
b5 41. Ra1 Ke6 42. Ra2 Kf5 43. Ke3 Kg4 44. Kf2 Rc4 45. Rc2 b4 46. axb4 cxb4 0-1

[Event "DEM U18w 2016"]
[Site "Willingen GER"]
[Date "2016.05.15"]
[Round "1"]
[White "Weis, Olga"]
[Black "Eggert, Daniela"]
[Result "1/2-1/2"]
[Termination "normal"]
[Board "7"]
[WhiteElo "1902"]
[BlackElo "1688"]
[PlyCount "80"]
[WhiteFideId "1270234"]
[BlackFideId "12991490"]
[EventCountry "GER"]
[EventRounds "9"]
[EventType "swiss"]
[EventDate "2016.05.14"]

1. e4 g6 2. d4 Bg7 3. Nc3 d6 4. g3 b6 5. Bg2 Bb7 6. Nge2 Nd7 7. O-O c5 8. Be3
Qc8 9. Qd2 cxd4 10. Bxd4 Bxd4 11. Nxd4 h5 12. h4 Ngf6 13. Rfe1 O-O 14. Qg5 Rb8
15. Nf5 Qd8 16. Nd5 Bxd5 17. exd5 Re8 18. Nd4 Qc7 19. Nc6 Ra8 20. Nxe7+ Kg7 21.
Nc6 Nc5 22. Qf4 Ng4 23. Qd2 Qd7 24. Bh3 Qf5 25. Bxg4 Qxg4 26. Qd4+ Qxd4 27.
Nxd4 Nb7 28. Nc6 a6 29. Kg2 Kf6 30. Kf3 Nc5 31. c3 Nd3 32. Re2 Rxe2 33. Kxe2
Nxb2 34. Rb1 Nc4 35. Kd3 b5 36. a4 Ne5+ 37. Nxe5 Kxe5 38. axb5 Kxd5 39. bxa6
Rxa6 40. Rb7 Ke6 1/2-1/2

[Event "DEM U18w 2016"]
[Site "Willingen GER"]
[Date "2016.05.15"]
[Round "1"]
[White "Graf, Pia"]
[Black "Stallknecht, Britta"]
[Result "0-1"]
[Termination "normal"]
[Board "8"]
[WhiteElo "1744"]
[BlackElo "1769"]
[PlyCount "82"]
[WhiteFideId "12917737"]
[BlackFideId "12987050"]
[EventCountry "GER"]
[EventRounds "9"]
[EventType "swiss"]
[EventDate "2016.05.14"]

1. e4 c5 2. c3 g6 3. d4 cxd4 4. cxd4 d5 5. e5 Nc6 6. Nf3 Bg4 7. Be2 Bxf3 8.
Bxf3 e6 9. O-O Qb6 10. Qa4 Qxd4 11. Qb5 Qb4 12. Nc3 a6 13. Qe2 Bg7 14. Re1 Nge7
15. Bg5 O-O 16. a3 Qb6 17. Rab1 Nf5 18. Bf4 Rac8 19. Bg4 Nfe7 20. Qf3 Qc7 21.
Qg3 Nd4 22. h4 Nef5 23. Qh2 h5 24. Bd1 Qb6 25. Ne2 Nxe2+ 26. Rxe2 Bh6 27. Re1
Bxf4 28. Qxf4 Rc4 29. Qg5 Rxh4 30. g3 Rc4 31. Bxh5 Qd8 32. Qxd8 Rxd8 33. Bd1
Rdc8 34. Bb3 R4c5 35. Kg2 Nd4 36. Bd1 Rc1 37. Ba4 Rxe1 38. Rxe1 b5 39. Rd1 Nc6
40. Bc2 Nxe5 41. Bb1 Nc4 0-1

[Event "DEM U18w 2016"]
[Site "Willingen GER"]
[Date "2016.05.15"]
[Round "1"]
[White "Bork, Sophie"]
[Black "Cejda, Cecilia"]
[Result "0-1"]
[Termination "normal"]
[Board "9"]
[WhiteElo "1735"]
[BlackElo "1635"]
[PlyCount "46"]
[WhiteFideId "12905429"]
[BlackFideId "12921122"]
[EventCountry "GER"]
[EventRounds "9"]
[EventType "swiss"]
[EventDate "2016.05.14"]

1. e4 c5 2. c3 d5 3. exd5 Qxd5 4. Nf3 Bg4 5. Qa4+ Bd7 6. Qc2 Nf6 7. Be2 Nc6 8.
O-O Bg4 9. Na3 a6 10. Bc4 Qd6 11. Ng5 e6 12. Re1 Be7 13. f3 Bf5 14. Ne4 Nxe4
15. fxe4 Bh4 16. exf5 Bxe1 17. Qb3 O-O 18. fxe6 fxe6 19. Bxe6+ Kh8 20. Bh3 Bf2+
21. Kh1 Rae8 22. Nc2 Qd3 23. g3 Qf3+ 0-1

[Event "DEM U18w 2016"]
[Site "Willingen GER"]
[Date "2016.05.15"]
[Round "1"]
[White "Krastina, Alma"]
[Black "Schumann, Rabea"]
[Result "0-1"]
[Termination "normal"]
[Board "10"]
[WhiteElo "1631"]
[BlackElo "1878"]
[PlyCount "94"]
[WhiteFideId "16222105"]
[BlackFideId "12918199"]
[EventCountry "GER"]
[EventRounds "9"]
[EventType "swiss"]
[EventDate "2016.05.14"]

1. e4 c5 2. c3 d6 3. d4 Nd7 4. Nf3 g6 5. Bc4 Nb6 6. dxc5 Nxc4 7. Qa4+ Qd7 8.
Qxc4 Qc7 9. Qa4+ Bd7 10. cxd6 Qxd6 11. Qc2 Bg7 12. O-O Qc7 13. Nbd2 e6 14. Qd3
Ne7 15. Nd4 O-O 16. N2f3 Rfd8 17. Bg5 f6 18. Bh4 e5 19. Bg3 Qb6 20. Nc2 Bb5 21.
Qe3 Qxe3 22. Nxe3 Bxf1 23. Kxf1 Rd7 24. Ke1 Rad8 25. Nc4 Kf7 26. a4 h6 27. Nfd2
Nc6 28. f3 f5 29. f4 exf4 30. Bxf4 g5 31. Bg3 fxe4 32. Nxe4 Re7 33. Ncd6+ Rxd6
34. Bxd6 Rxe4+ 35. Kd2 Be5 36. Bc5 Bxh2 37. b4 b6 38. Be3 Bf4 39. Rf1 Ke6 40.
Bxf4 Rxf4 41. Re1+ Kf5 42. Ke3 Re4+ 43. Kf2 Rxe1 44. Kxe1 Ke4 45. Ke2 h5 46. g3
h4 47. gxh4 gxh4 0-1

[Event "DEM U18w 2016"]
[Site "Willingen GER"]
[Date "2016.05.15"]
[Round "1"]
[White "Gaßmann, Linda"]
[Black "Rösler, Hannah"]
[Result "1-0"]
[Termination "normal"]
[Board "11"]
[WhiteElo "1816"]
[BlackElo "1400"]
[PlyCount "135"]
[WhiteFideId "12900451"]
[BlackFideId "12983500"]
[EventCountry "GER"]
[EventRounds "9"]
[EventType "swiss"]
[EventDate "2016.05.14"]

1. d4 Nf6 2. c4 e6 3. Nf3 b6 4. g3 Bb7 5. Bg2 d5 6. cxd5 exd5 7. Ne5 Nbd7 8.
Qa4 Bd6 9. Nc6 Qc8 10. Nc3 b5 11. Qxb5 a6 12. Qa4 Nb6 13. Na7+ Nxa4 14. Nxc8
Bb4 15. Bd2 Nxc3 16. bxc3 Ba3 17. Rb1 Bxc8 18. c4 Be6 19. c5 a5 20. Rb3 Bb4 21.
Bxb4 axb4 22. Rxb4 O-O 23. Rb2 Ra3 24. O-O Rfa8 25. Rfb1 h6 26. Rb7 c6 27. Rb8+
Rxb8 28. Rxb8+ Kh7 29. Rb2 Rc3 30. f3 Bf5 31. Kf2 Rc2 32. Rxc2 Bxc2 33. Ke1 Kg8
34. Kd2 Bf5 35. Kc3 Kf8 36. Kb4 Nd7 37. e4 Be6 38. a4 Nb8 39. Ka5 Nd7 40. Ka6
Ke7 41. Kb7 Nf6 42. a5 Kd8 43. Kxc6 Kc8 44. a6 Kb8 45. Kb6 Nd7+ 46. Kb5 Ka7 47.
f4 Nf6 48. exd5 Nxd5 49. f5 Bd7+ 50. c6 Nc7+ 51. Kc5 Nxa6+ 52. Kd6 Bxf5 53. Bd5
Kb6 54. Bxf7 Be4 55. d5 Nc7 56. Ke5 Bg2 57. d6 Nb5 58. c7 Bh3 59. Be6 Bxe6 60.
Kxe6 Na7 61. Ke7 Kb7 62. d7 Nc6+ 63. Kd6 Na7 64. d8=Q Nb5+ 65. Kd7 Nxc7 66.
Qxc7+ Ka8 67. Kc6 g5 68. Qb7# 1-0

[Event "DEM U18w 2016"]
[Site "Willingen GER"]
[Date "2016.05.15"]
[Round "1"]
[White "Shirov-Michna, Masza"]
[Black "Poetsch, Leonore"]
[Result "0-1"]
[Termination "normal"]
[Board "12"]
[WhiteElo "1320"]
[BlackElo "1829"]
[PlyCount "66"]
[WhiteFideId "12921998"]
[BlackFideId "12940372"]
[EventCountry "GER"]
[EventRounds "9"]
[EventType "swiss"]
[EventDate "2016.05.14"]

1. f4 d5 2. Nf3 c5 3. e3 Nc6 4. Bb5 Bg4 5. b3 Nf6 6. Bb2 e6 7. d3 Be7 8. Nbd2
Bxf3 9. Nxf3 Qa5+ 10. Qd2 Qxb5 11. O-O O-O 12. a4 Qb6 13. Ne5 Rfd8 14. Nxc6
bxc6 15. Be5 Nd7 16. Qe2 Bf6 17. Qf3 Bxe5 18. fxe5 Nxe5 19. Qh5 Ng6 20. Rf3 Qc7
21. Rh3 h6 22. Rf1 Qe5 23. Qg4 Qc3 24. Rhf3 Ne5 25. Qh5 Nxf3+ 26. Rxf3 Qe1+ 27.
Rf1 Qxe3+ 28. Kh1 Rd7 29. h3 Qd2 30. Kh2 Qxc2 31. Rf3 Qxb3 32. Rg3 Qb8 33. Qg4
Qe5 0-1

[Event "DEM U18w 2016"]
[Site "Willingen GER"]
[Date "2016.05.15"]
[Round "1"]
[White "Koch, Elisabeth"]
[Black "Holschuh, Paulina"]
[Result "1-0"]
[Termination "normal"]
[Board "13"]
[WhiteElo "1705"]
[BlackElo "1042"]
[PlyCount "77"]
[WhiteFideId "24695068"]
[BlackFideId "16208552"]
[EventCountry "GER"]
[EventRounds "9"]
[EventType "swiss"]
[EventDate "2016.05.14"]

1. e4 e5 2. Nf3 Nc6 3. Bc4 Bc5 4. d3 Nf6 5. c3 Qe7 6. O-O d6 7. d4 Bb6 8. d5
Nb8 9. Qd3 O-O 10. Be3 Nbd7 11. b4 Nh5 12. g3 f5 13. Bxb6 Nxb6 14. Nbd2 f4 15.
Bb3 Rf6 16. Rfc1 Rg6 17. Nf1 Bh3 18. N3d2 Bg4 19. Bd1 Bxd1 20. Rxd1 Qg5 21. c4
Nd7 22. Kh1 Ndf6 23. Nf3 Qg4 24. Nh4 Rg5 25. Qf3 Qh3 26. Qg2 Qg4 27. Nf5 f3 28.
Qg1 Qh3 29. Rd3 Qg4 30. h4 Rg6 31. Ne7+ Kf8 32. Nxg6+ Qxg6 33. Nd2 Qg4 34. Re1
Qh3+ 35. Qh2 Qg4 36. Rxf3 Kg8 37. Kg2 Nf4+ 38. Kh1 Rf8 39. gxf4 1-0

[Event "DEM U18w 2016"]
[Site "Willingen GER"]
[Date "2016.05.15"]
[Round "2"]
[White "Stallknecht, Britta"]
[Black "Böhm, Jana"]
[Result "0-1"]
[Termination "normal"]
[Board "1"]
[WhiteElo "1769"]
[BlackElo "1927"]
[WhiteClock "00:28:23"]
[BlackClock "00:29:13"]
[PlyCount "48"]
[WhiteFideId "12987050"]
[BlackFideId "24661589"]
[EventCountry "GER"]
[EventRounds "9"]
[EventType "swiss"]
[EventDate "2016.05.14"]

1. b3 Nf6 2. Bb2 d5 3. e3 e6 4. Nf3 Bd6 5. Be2 O-O 6. O-O b6 7. c4 Bb7 8. d3
Nbd7 9. Nc3 c5 10. d4 Rc8 11. Rc1 Qe7 12. Nb5 Bb8 13. Rc2 a6 14. Nc3 Rfd8 15.
Qc1 dxc4 16. Bxc4 Bxf3 17. gxf3 b5 18. Be2 cxd4 19. exd4 Nh5 20. Ne4 Qh4 21.
Ng3 Nf4 22. Re1 Nh3+ 23. Kg2 Rxc2 24. Qxc2 Nxf2 0-1

[Event "DEM U18w 2016"]
[Site "Willingen GER"]
[Date "2016.05.15"]
[Round "2"]
[White "Schumann, Rabea"]
[Black "Hund, Sarah"]
[Result "0-1"]
[Termination "normal"]
[Board "2"]
[WhiteElo "1878"]
[BlackElo "1951"]
[WhiteClock "00:01:18"]
[BlackClock "00:25:22"]
[PlyCount "128"]
[WhiteFideId "12918199"]
[BlackFideId "12923338"]
[EventCountry "GER"]
[EventRounds "9"]
[EventType "swiss"]
[EventDate "2016.05.14"]

1. c4 e5 2. g3 Nc6 3. Bg2 Bc5 4. Nc3 d6 5. e3 a6 6. Nge2 Ba7 7. O-O h5 8. d4 h4
9. Bxc6+ bxc6 10. dxe5 Bh3 11. Re1 hxg3 12. fxg3 Qg5 13. Nf4 Qxe5 14. Nxh3 Rxh3
15. Qf3 Ne7 16. Kg2 Rh6 17. e4 Rf6 18. Qe2 Rf2+ 19. Qxf2 Bxf2 20. Kxf2 O-O-O
21. Be3 Rh8 22. Kg2 Qe6 23. h4 Qxc4 24. Rac1 Ng6 25. Re2 Ne5 26. b3 Qe6 27. Rh1
f6 28. Bd4 g5 29. Bxe5 Qxe5 30. Nd1 gxh4 31. Rxh4 Rxh4 32. gxh4 Qf4 33. Nf2
Qxh4 34. Kf3 Qh5+ 35. Ke3 d5 36. Kd3 Qf3+ 37. Kd2 d4 38. Nd3 a5 39. e5 fxe5 40.
Rxe5 Qg2+ 41. Re2 Qg5+ 42. Kd1 a4 43. Re5 Qg1+ 44. Re1 Qg8 45. Kd2 Kb8 46. Re5
axb3 47. axb3 Qxb3 48. Rc5 Kb7 49. Rc2 Qd5 50. Rb2+ Kc8 51. Rc2 Kd7 52. Nc5+
Kd6 53. Nb7+ Ke7 54. Nc5 Qg5+ 55. Kd3 Qe3+ 56. Kc4 Kd6 57. Nb7+ Ke5 58. Nc5 Kf4
59. Rf2+ Kg4 60. Rc2 Kf3 61. Nd3 Kg3 62. Nc5 Qe5 63. Nd3 Qd5+ 64. Kb4 Qb5+ 0-1

[Event "DEM U18w 2016"]
[Site "Willingen GER"]
[Date "2016.05.15"]
[Round "2"]
[White "Wiesner, Paula"]
[Black "Gaßmann, Linda"]
[Result "1-0"]
[Termination "normal"]
[Board "3"]
[WhiteElo "2116"]
[BlackElo "1816"]
[WhiteClock "00:39:16"]
[BlackClock "00:20:28"]
[PlyCount "59"]
[WhiteFideId "24654019"]
[BlackFideId "12900451"]
[EventCountry "GER"]
[EventRounds "9"]
[EventType "swiss"]
[EventDate "2016.05.14"]

1. d4 Nf6 2. c4 g6 3. Nc3 Bg7 4. e4 d6 5. Be2 O-O 6. Bg5 Na6 7. Qd2 e5 8. d5
Qe8 9. f3 Nd7 10. g4 Ndc5 11. h4 f6 12. Be3 Rf7 13. h5 Bf8 14. Bf1 c6 15. hxg6
hxg6 16. Qh2 Rg7 17. Rb1 Nc7 18. b4 Nd7 19. c5 Qe7 20. Bc4 Rh7 21. dxc6+ Kh8
22. Qxh7+ Qxh7 23. Rxh7+ Kxh7 24. cxd7 Bxd7 25. cxd6 Ne8 26. Bb5 Bxb5 27. Nxb5
Nxd6 28. Nxd6 Bxd6 29. Bc5 Bc7 30. Rd1 1-0

[Event "DEM U18w 2016"]
[Site "Willingen GER"]
[Date "2016.05.15"]
[Round "2"]
[White "Poetsch, Leonore"]
[Black "Brandl, Lea Maria"]
[Result "1-0"]
[Termination "normal"]
[Board "4"]
[WhiteElo "1829"]
[BlackElo "1927"]
[WhiteClock "00:21:26"]
[BlackClock "00:01:33"]
[PlyCount "69"]
[WhiteFideId "12940372"]
[BlackFideId "24693049"]
[EventCountry "GER"]
[EventRounds "9"]
[EventType "swiss"]
[EventDate "2016.05.14"]

1. e4 c5 2. Nf3 d6 3. Bb5+ Bd7 4. Bxd7+ Qxd7 5. c4 Nc6 6. Nc3 Nf6 7. d4 cxd4 8.
Nxd4 e6 9. Be3 Be7 10. O-O O-O 11. f3 Rac8 12. Qe2 a6 13. Rac1 Rfd8 14. Rfd1
Qe8 15. b3 Nd7 16. Qf2 Nc5 17. Rd2 Bf6 18. Nde2 Qe7 19. Rcd1 Qf8 20. f4 Be7 21.
f5 exf5 22. exf5 Bf6 23. Bxc5 dxc5 24. Nd5 Be5 25. Kh1 f6 26. Nef4 Nd4 27. Ne6
Nxe6 28. fxe6 Bd6 29. Qe2 Be7 30. Nxe7+ Qxe7 31. Rd7 Qe8 32. Rxd8 Rxd8 33. Rxd8
Qxd8 34. e7 Qe8 35. Qe6+ 1-0

[Event "DEM U18w 2016"]
[Site "Willingen GER"]
[Date "2016.05.15"]
[Round "2"]
[White "Rosmait, Emily"]
[Black "Koch, Elisabeth"]
[Result "1-0"]
[Termination "normal"]
[Board "5"]
[WhiteElo "1915"]
[BlackElo "1705"]
[WhiteClock "00:00:31"]
[BlackClock "00:30:18"]
[PlyCount "83"]
[WhiteFideId "12937754"]
[BlackFideId "24695068"]
[EventCountry "GER"]
[EventRounds "9"]
[EventType "swiss"]
[EventDate "2016.05.14"]

1. e4 e5 2. Nf3 Nc6 3. Bb5 a6 4. Ba4 Nf6 5. d3 b5 6. Bb3 Bc5 7. O-O h6 8. c3 d6
9. h3 O-O 10. Re1 Bb6 11. Nbd2 Ne7 12. Nf1 Ng6 13. Ng3 Be6 14. Bc2 Qb8 15. d4
Qa7 16. Be3 c5 17. Qd2 Rac8 18. Bb1 b4 19. Nf5 Rfd8 20. d5 bxc3 21. bxc3 Bd7
22. Nxd6 Rb8 23. Nc4 Bb5 24. Nxb6 Qxb6 25. Bd3 Qd6 26. c4 Bd7 27. Qa5 Nh5 28.
Qxc5 Qf6 29. Nh2 Ngf4 30. Bxf4 Nxf4 31. Bf1 Rb2 32. Qe3 Qg5 33. Qg3 Qh5 34. Ng4
Rdb8 35. c5 Qg5 36. c6 Be8 37. Ne3 Qf6 38. Bxa6 Bxc6 39. dxc6 Qxc6 40. Nf5 Nh5
41. Ne7+ Kh8 42. Nxc6 1-0

[Event "DEM U18w 2016"]
[Site "Willingen GER"]
[Date "2016.05.15"]
[Round "2"]
[White "Cejda, Cecilia"]
[Black "Weis, Olga"]
[Result "0-1"]
[Termination "normal"]
[Board "6"]
[WhiteElo "1635"]
[BlackElo "1902"]
[WhiteClock "00:00:56"]
[BlackClock "00:01:26"]
[PlyCount "72"]
[WhiteFideId "12921122"]
[BlackFideId "1270234"]
[EventCountry "GER"]
[EventRounds "9"]
[EventType "swiss"]
[EventDate "2016.05.14"]

1. e4 c5 2. Nf3 e6 3. d4 cxd4 4. Nxd4 a6 5. Bd3 Bc5 6. Nb3 Ba7 7. O-O Qc7 8.
Nc3 Nf6 9. Qe2 d6 10. Kh1 Nbd7 11. f4 b5 12. Bd2 Bb7 13. Rae1 Nc5 14. Rc1 b4
15. Nd1 Ncxe4 16. Bxb4 h5 17. Be1 h4 18. Rf3 h3 19. Ne3 Bxe3 20. Rxe3 hxg2+ 21.
Kg1 d5 22. Bxe4 Nxe4 23. Qg4 Qb6 24. Qf3 Nd6 25. Ba5 Qb5 26. Re2 d4 27. Qf2 Qh5
28. h4 Qxh4 29. Qxh4 Rxh4 30. Rce1 Rxf4 31. Nc5 Bd5 32. b3 Rh4 33. Bc7 Nf5 34.
Kf2 Ne3 35. Rxe3 dxe3+ 36. Rxe3 Rh1 0-1

[Event "DEM U18w 2016"]
[Site "Willingen GER"]
[Date "2016.05.15"]
[Round "2"]
[White "Eggert, Daniela"]
[Black "Morio, Estelle"]
[Result "0-1"]
[Termination "normal"]
[Board "7"]
[WhiteElo "1688"]
[BlackElo "1801"]
[PlyCount "86"]
[WhiteFideId "12991490"]
[BlackFideId "12951951"]
[EventCountry "GER"]
[EventRounds "9"]
[EventType "swiss"]
[EventDate "2016.05.14"]

1. Nf3 Nf6 2. g3 c5 3. Bg2 d5 4. c4 d4 5. O-O Nc6 6. e3 g6 7. a3 Bg7 8. exd4
Nxd4 9. Nxd4 cxd4 10. b4 O-O 11. Bb2 Rb8 12. Qe2 Bf5 13. d3 Nd7 14. Nd2 Re8 15.
Nb3 e5 16. Be4 Bxe4 17. Qxe4 Nb6 18. Nc5 Qe7 19. Rae1 f5 20. Qf3 Qc7 21. Re2
Nd7 22. Nb3 Nf6 23. Rfe1 e4 24. dxe4 fxe4 25. Qg2 d3 26. Re3 Qxc4 27. Nd2 Qc2
28. Bxf6 Qxd2 29. Bxg7 Kxg7 30. f3 Qxg2+ 31. Kxg2 exf3+ 32. Kxf3 Rxe3+ 33. Kxe3
Re8+ 34. Kd2 Rxe1 35. Kxe1 Kf6 36. Kd2 Ke5 37. Kxd3 b5 38. h4 h6 39. Ke3 g5 40.
hxg5 hxg5 41. Kf3 Kf5 42. Ke3 Kg4 43. Kf2 Kh3 0-1